000 01009cab a22001935a 4500
001 L141549
008 071130s2007 xxk f 000 0 eng d
035 _a(Sirsi) u141549
041 0 _aeng
100 1 _aBarnes, Yolande
245 0 0 _aPlacemaking approach
260 _c2007
490 _aHousebuilder
_v66(9) October 2007, 40-41(2)
520 _aOutlines the qualities and characteristics of sustainable urbanism (SU) and argues for a cultural shift in housebuilders to embed it more deeply within their thinking. Argues that there are advantages for housebuilders in this approach, as SU can add commercial value to buildings by increasing the intensity of land use around residential buildings. The emphasis of SU is upon location value as well as building value. However the values of this approach are only realised over the medium to long term.
590 _aKA
651 4 _aUnited Kingdom
_y
690 _aENVIRONMENTAL AND LAND CONSULTANCY-SUSTAINABILITY-SUSTAINABLE DEVELOPMENT
942 _n0
999 _c79520
_d79520